Central African Republic... or South Africa? - Statistics

General Stats
  • This quiz has been taken 34 times
  • The average score is 12 of 18
Answer Stats
Question Answer % Correct
Borders D.R. Congo? Central African Republic
100%
Has multiple capital cities? South Africa
96%
A higher percent of its population is Muslim? Central African Republic
93%
Has French as an official language? Central African Republic
89%
Has a capital city of Bloemfontein? South Africa
89%
Has English as an official language? South Africa
85%
Has a greater population density? South Africa
81%
Has more rainfall? Central African Republic
78%
Drives on the right side of the road? Central African Republic
70%
Its largest city is also a capital city? Central African Republic
70%
Has a higher average elevation? South Africa
67%
Has Johannesburg as a capital city? Neither
63%
Has the color black on its flag? South Africa
63%
Is closer to Tanzania? Central African Republic
56%
Has the colors red, blue, green, yellow, and white on its flag? Both
48%
Over 75% of its people are Christians? Both
41%
Borders more countries overall? They border the same amount of countries.
41%
Became independent first? Central African Republic
15%
No matching quizzes found
Score Distribution
Percent of People with Each Score
Percentile by Number Answered
Your Score History
You have not taken this quiz